2.601 al 2.650. Decretos leyes dictados por la Junta de Gobierno de la República de Chile

Gespeichert in:
Bibliographische Detailangaben
Format: Buch
Sprache:Spanisch
Veröffentlicht: Santiago Jurídica de Chile 1979
Schriftenreihe:Textos Legales, 64
Schlagworte:
Tags: Tag hinzufügen
Keine Tags, Fügen Sie den ersten Tag hinzu!

MARC

LEADER 00000nam a2200000 a 4500
001 UCR0884
003 CL-VaPUC
008 971205e19790000CL |||||||||||||||||spa|d
082 0 4 |a 348.022  |b DEC  |2 21 
245 1 0 |a 2.601 al 2.650. Decretos leyes dictados por la Junta de Gobierno de la República de Chile 
300 |a 177 p 
942 |c BK 
945 |d 19971205 00:00:00  |a lriquelm 
260 |a Santiago  |b Jurídica de Chile  |c 1979 
650 7 |a LEGISLACION  |2 CL-VaPUC  |9 397430 
650 7 |a FUENTES  |2 CL-VaPUC  |9 255666 
650 7 |a DERECHO CHILENO  |2 CL-VaPUC  |9 397431 
650 7 |a DECRETO LEY  |2 CL-VaPUC  |9 382553 
651 7 |a CHILE  |2 CL-VaPUC  |9 397432 
583 |a last modification  |c 19971205 00:00:00  |k Rodrigo Vera 
490 0 |a Textos Legales, 64 
999 |c 264382  |d 264380